Comedias

محفوظ في:
التفاصيل البيبلوغرافية
المؤلف الرئيسي: Molière, Jean-Baptiste (autor)
التنسيق: كتاب
اللغة:الإسبانية
منشور في: Ciudad de México Porrúa 1974
الطبعة:4a. ed
سلاسل:Sepan cuantos, 144
الموضوعات:
الوسوم: إضافة وسم
لا توجد وسوم, كن أول من يضع وسما على هذه التسجيلة!

MARC

LEADER 00000nam a2200000 a 4500
001 UCV7563
003 CL-VaPUC
008 880927e19740000MX |||||||||||||||||spa|d
082 0 4 |a 842  |b MOL  |2 21 
100 |a Molière, Jean-Baptiste  |e autor  |9 339603 
245 1 0 |a Comedias 
250 |a 4a. ed 
300 |a 161 p 
942 |c BK 
945 |d 19880927 00:00:00 
260 |a Ciudad de México  |b Porrúa  |c 1974 
500 |a Contiene obras: Tartufo - El burgués gentilhombre - El misántropo - El enfermo imaginario 
650 0 |a Teatro francés  |9 265089 
650 0 |a Comedias francesas  |9 265090 
583 |a last modification  |c 19880927 00:00:00  |k Rodrigo Vera 
490 0 |a Sepan cuantos, 144 
999 |c 213217  |d 213215 
952 |0 0  |1 0  |4 0  |6 842_000000000000000_MOL_1974  |7 0  |8 A  |9 195360  |a BIBARQ  |b BIBARQ  |d 2019-11-14  |i 2634341  |o 842 MOL 1974  |p 2634341  |r 2025-01-20  |w 2019-11-14  |y BK  |k ARQ